00573 2200205 4500001002100000005001500021035002000036245009500056100001600151250001100167300002100178700002100199260005300220082001100273084001700284020002200301650002200323990001100345990001100356INLIS00000000000189820250917014202 a0010-09250000131 aSegala-galanya Ambyar = Everything is F*cked :bSebuah Buku Tentang Harapan /cMark Manson0 aMark Manson acet. 1 a346 hlm ;c21 cm0 aAdinto F Susanto aJakarta :bGramedia Widiasarana Indonesia,c2022 a155.25 a155.25 MAR s a978-602-052-856-4 4aPengembangan Diri a003926 a003925